| 000 | 00470nam a2200169 a 4500 | ||
|---|---|---|---|
| 001 | 2325 | ||
| 003 | CDMR | ||
| 005 | 20131014124759.0 | ||
| 008 | 130130s1972||||||||||||||||||||||||||||d | ||
| 040 |
_aCDMR _bcat _cCDMR |
||
| 100 | 1 |
_aLópez Campillo, Evelyne _91742 |
|
| 245 | 1 | 3 |
_aLa Revista de Occidente y la formación de minorias (1923-1936) _bEvelyne López Campillo |
| 260 |
_aBarcelona _c1972 _bTaurus |
||
| 300 | _a319 p. | ||
| 490 | 0 |
_aPersiles _v58 |
|
| 942 |
_cMON _2udc |
||
| 999 |
_c2325 _d2325 |
||